000 00511nam a2200181Ia 4500
001 3914
003 OSt
005 20241121143212.0
008 240117s9999 xx 000 0 und d
040 _c--
245 0 _aParkett No. 91- 2012
_b: The Parkett Series with Contemporary Artists
260 _c2012
300 _a350p;
_c23x18cm
520 _aYto Barrada, Nicole Eisenman, Liu Xiaodong, Monika Sosnowska
546 _aEnglish
650 _aAP1-(271) General Works. Periodicals
942 _cPERIODICAL
_2lcc
999 _c3914
_d3914